|
|
|
|
| LEADER |
02990cam a2200697 i 4500 |
| 001 |
nkc20193156453 |
| 003 |
CZ PrNK |
| 005 |
20200518063912.0 |
| 007 |
ta |
| 008 |
190927s2019 xr acfhe 000 0dczeod |
| 015 |
|
|
|a cnb003156453
|
| 020 |
|
|
|a 978-80-204-4749-4
|q (vázáno)
|
| 035 |
|
|
|a (OCoLC)1199989124
|
| 040 |
|
|
|a KLG001
|b cze
|d OLA001
|d ABA001
|e rda
|
| 041 |
1 |
|
|a cze
|k eng
|h rus
|
| 043 |
|
|
|a e-ur---
|
| 045 |
|
|
|a x3x4
|
| 072 |
|
7 |
|a 356
|x Vojenská služba. Pěchota
|2 Konspekt
|9 15
|
| 072 |
|
7 |
|a 929
|x Biografie
|2 Konspekt
|9 8
|
| 080 |
|
|
|a 356.164-055.2
|2 MRF
|
| 080 |
|
|
|a 355.1-055.2
|2 MRF
|
| 080 |
|
|
|a 355.1
|2 MRF
|
| 080 |
|
|
|a 355.48(100)"1939/1945"
|2 MRF
|
| 080 |
|
|
|a 929
|2 MRF
|
| 080 |
|
|
|a (47+57)
|2 MRF
|
| 080 |
|
|
|a (0:82-94)
|2 MRF
|
| 100 |
1 |
|
|a Pavlyčenko, Ljudmyla Mychajlìvna,
|d 1916-1974
|7 js20181017846
|4 aut
|
| 240 |
1 |
0 |
|a Ja - snajper.
|l Česky
|
| 245 |
1 |
0 |
|a Paní smrt :
|b vzpomínky Stalinovy odstřelovačky /
|c Ljudmila Pavličenková ; předmluva Martin Pegler ; přeložil Jiří Hutečka
|
| 246 |
3 |
0 |
|a Vzpomínky Stalinovy odstřelovačky
|
| 250 |
|
|
|a První vydání
|
| 264 |
|
1 |
|a Praha :
|b Mladá fronta,
|c 2019
|
| 300 |
|
|
|a 374 stran, 16 nečíslovaných stran obrazových příloh :
|b ilustrace, portréty, faksimile ;
|c 22 cm
|
| 336 |
|
|
|a text
|b txt
|2 rdacontent
|
| 337 |
|
|
|a bez média
|b n
|2 rdamedia
|
| 338 |
|
|
|a svazek
|b nc
|2 rdacarrier
|
| 490 |
1 |
|
|a Arma & Musae ;
|v svazek 23
|
| 500 |
|
|
|a Přeloženo z anglického překladu s přihlédnutím k ruskému originálu
|
| 600 |
1 |
7 |
|a Pavlyčenko, Ljudmyla Mychajlìvna,
|d 1916-1974
|7 js20181017846
|2 czenas
|
| 610 |
1 |
7 |
|a Sovětský svaz.
|b Raboče-Krest‘janskaja Krasnaja Armija
|7 kn20010710622
|2 czenas
|
| 648 |
|
7 |
|a 1939-1945
|7 ch460653
|2 czenas
|
| 650 |
0 |
7 |
|a odstřelovačky
|7 ph988987
|z Sovětský svaz
|y 1939-1945
|2 czenas
|
| 650 |
0 |
7 |
|a ženy v ozbrojených silách
|7 ph231092
|z Sovětský svaz
|y 1939-1945
|2 czenas
|
| 650 |
0 |
7 |
|a ozbrojené síly
|7 ph123886
|z Sovětský svaz
|y 1939-1945
|2 czenas
|
| 650 |
0 |
7 |
|a druhá světová válka (1939-1945)
|7 ph117270
|z Sovětský svaz
|2 czenas
|
| 650 |
0 |
9 |
|a women snipers
|z Soviet Union
|y 1939-1945
|2 eczenas
|
| 650 |
0 |
9 |
|a women in the armed forces
|z Soviet Union
|y 1939-1945
|2 eczenas
|
| 650 |
0 |
9 |
|a armed forces
|z Soviet Union
|y 1939-1945
|2 eczenas
|
| 650 |
0 |
9 |
|a World War (1939-1945)
|z Soviet Union
|2 eczenas
|
| 655 |
|
7 |
|a autobiografické vzpomínky
|7 fd131854
|2 czenas
|
| 655 |
|
9 |
|a autobiographical reminiscences
|2 eczenas
|
| 765 |
0 |
8 |
|i Název anglické verze:
|t Lady death
|9 Česky
|
| 700 |
1 |
|
|a Pegler, Martin,
|d 1954-
|7 xx0136003
|4 wfw
|
| 700 |
1 |
|
|a Hutečka, Jiří,
|d 1979-
|7 mzk2005312975
|4 trl
|
| 830 |
|
0 |
|a Arma & musae
|0 s
|
| 910 |
2 |
|
|a BOA001
|b 2-1442.795
|
| 920 |
|
|
|a 1254917
|z KLG001
|
| 990 |
|
|
|a BK
|
| 995 |
|
|
|a 01
|
| 996 |
6 |
|
|b 2610817308
|c 2-1442.795
|l MZK
|r Sklad / do 1 hodiny
|n 2
|p p.v.
|w 001785965
|u 000010
|a 1
|e BOA001
|j MZK50
|s P
|
| 996 |
7 |
|
|b 2610891794
|c 2-1442.795
|l MZK
|r Sklad / do 1 hodiny
|n 2
|p dar
|w 001785965
|u 000020
|a 1
|e BOA001
|j MZK50
|s A
|